The clays of Kentucky, (Record no. 26482)

MARC details
000 -LEADER
fixed length control field 00804cam a22002291 4500
001 - CONTROL NUMBER
control field gs 26000296
003 - CONTROL NUMBER IDENTIFIER
control field DLC
005 - DATE AND TIME OF LATEST TRANSACTION
control field 20260227111330.0
008 - FIXED-LENGTH DATA ELEMENTS--GENERAL INFORMATION
fixed length control field 780301r19261926xx 000 0 eng c
010 ## - LIBRARY OF CONGRESS CONTROL NUMBER
LC control number gs 26000296
035 ## - SYSTEM CONTROL NUMBER
System control number (OCoLC)3680827
040 ## - CATALOGING SOURCE
Original cataloging agency Library, U.S. Geological Survey
Transcribing agency OT
Modifying agency ABAU
-- DLC
042 ## - AUTHENTICATION CODE
Authentication code premarc
050 00 - LIBRARY OF CONGRESS CALL NUMBER
Classification number QE115
Item number .A3 ser. no. VI. Pamph. no. LX
100 1# - MAIN ENTRY--PERSONAL NAME
Personal name Jillson, Willard Rouse,
Dates associated with a name 1890-
245 04 - TITLE STATEMENT
Title The clays of Kentucky,
Statement of responsibility, etc. by Willard Rouse Jillson.
260 ## - PUBLICATION, DISTRIBUTION, ETC.
Place of publication, distribution, etc. Frankfort, Ky.,
Name of publisher, distributor, etc. Kentucky Geological survey,
Date of publication, distribution, etc. 1926.
300 ## - PHYSICAL DESCRIPTION
Extent 15 p.
Other physical details front., illus.
Dimensions 23 cm.
490 0# - SERIES STATEMENT
Series statement Kentucky. Geological survey. Ser. VI. Phmphlet 9
500 ## - GENERAL NOTE
General note Reprinted with revisions and additions from the Ceramist, Trenton, N.J., Feb., 1926.
650 #0 - SUBJECT ADDED ENTRY--TOPICAL TERM
Topical term or geographic name entry element Clay
Geographic subdivision Kentucky.

No items available.

Powered by Koha